Biggest City by Language - Statistics

General Stats
  • This quiz has been taken 63 times
  • The average score is 19 of 20
Answer Stats
Language City % Correct
Thai Bangkok
100%
German Berlin
100%
Hindi Delhi
100%
Indonesian Jakarta
100%
Spanish Mexico City
100%
Russian Moscow
100%
Italian Rome
100%
Korean Seoul
100%
Japanese Tokyo
100%
English New York City
98%
Portuguese São Paulo
98%
Mandarin Shanghai
98%
Arabic Cairo
97%
Vietnamese Ho ChiMinh City
97%
Persian Tehran
97%
Urdu Karachi
92%
Cantonese Guangzhou
90%
French Kinshasa
81%
Swahili Dar es Salaam
80%
Yoruba Lagos
75%
No matching quizzes found
Score Distribution
Percent of People with Each Score
Percentile by Number Answered
Your Score History
You have not taken this quiz